Statistiques concernant Frontières espagnoles

Cliquez ici pour prendre le quiz!

Statistiques générales

  • Ce quiz a été pris 26 784 fois
  • Le résultat moyen est 4 sur 5

Statistiques - réponses

kmpays% Correct
623France
100%
1214Portugal
100%
64Andorre
91%
17Maroc
84%
1Royaume-Uni
Gibraltar
54%

Distribution des résultats

Percentile par nombre de réponses

% des personnes avec chaque résultat

Votre développement - résultats

Vous n’avez pas pris ce quiz